Las grandes partidas de Emanuel Lasker / (Record no. 11246)
[ view plain ]
| 000 -CABECERA | |
|---|---|
| campo de control de longitud fija | 00835nam a2200205 a 4500 |
| 001 - NÚMERO DE CONTROL | |
| campo de control | 000011551 |
| 005 - FECHA Y HORA DE LA ÚLTIMA TRANSACCIÓN | |
| campo de control | 20200929162504.0 |
| 008 - DATOS DE LONGITUD FIJA--INFORMACIÓN GENERAL | |
| campo de control de longitud fija | 091020s1953 ag ad 001 0bspa |
| 040 ## - FUENTE DE LA CATALOGACIÓN | |
| Centro catalogador/agencia de origen | DO-SdBNP |
| Lengua de catalogación | spa |
| Centro/agencia transcriptor | BNPHU |
| 082 ## - NÚMERO DE LA CLASIFICACIÓN DECIMAL DEWEY | |
| Número de clasificación | 927.43 |
| Número de documento/Ítem | L345F |
| 049 ## - FONDOS LOCALES (OCLC) | |
| Fondos de biblioteca | BNGR |
| 100 1# - ENTRADA PRINCIPAL--NOMBRE DE PERSONA | |
| Nombre de persona | Fernández Coria, Valentín |
| 9 (RLIN) | 27333 |
| 245 14 - MENCIÓN DE TÍTULO | |
| Título | Las grandes partidas de Emanuel Lasker / |
| Mención de responsabilidad, etc. | Valentín Fernández Coria, Luis Palau. |
| 260 ## - PUBLICACIÓN, DISTRIBUCIÓN, ETC. | |
| Lugar de publicación, distribución, etc. | Buenos Aires : |
| Nombre del editor, distribuidor, etc. | Sopena Argentina, |
| Fecha de publicación, distribución, etc. | 1953. |
| 300 ## - DESCRIPCIÓN FÍSICA | |
| Extensión | 150, [1] p. : |
| Otras características físicas | il., tablas ; |
| Dimensiones | 24 cm. |
| 500 ## - NOTA GENERAL | |
| Nota general | Ochenta y cuatro producciones escogidas de entre las mas notables del maestro alemán, uno de los más extraordinarios ajedrecistas de todos los tiempos y campeón del mundo de 1894 a 1921. |
| 650 #4 - PUNTO DE ACCESO ADICIONAL DE MATERIA--TÉRMINO DE MATERIA | |
| Término de materia o nombre geográfico como elemento de entrada | Laske, emanuel |
| Subdivisión cronológica | 1868-1941 |
| 9 (RLIN) | 27334 |
| 700 1# - PUNTO DE ACCESO ADICIONAL--NOMBRE DE PERSONA | |
| Nombre de persona | Palau, Luis |
| 9 (RLIN) | 27335 |
| 910 ## - DATOS DE OPCIÓN DEL USUARIO (OCLC) | |
| Datos de opción del usuario | Catalogación Original |
| Estado de retiro | Estado de pérdida | Restricciones de uso | No para préstamo | Código de colección | Localización permanente | Ubicación/localización actual | Ubicación en estantería | Fecha de adquisición | Número de inventario | Total de préstamos | Signatura topográfica completa | Código de barras | Fecha visto por última vez | Precio válido a partir de | Tipo de ítem Koha |
|---|---|---|---|---|---|---|---|---|---|---|---|---|---|---|---|
| Préstamo interno | Monografías: Libros y Folletos | General | General | En catalogación | 20.10.2009 | LF1 | 927.43 L345F | 11551-10 | 25.06.2020 | 25.06.2020 | Préstamo interno |
